Paroles : J'ai laissé - Christophe Maé - Statistiques

Statistiques générales
  • Ce quiz a été pris 304 fois
    303 depuis la dernière actualisation
  • Le résultat moyen est 290 sur 347
Statistiques - réponses
Réponse % Correct
à
100%
J'
100%
(Refrain) j'
100%
l'
99%
ai
98%
le
98%
d'
96%
la
96%
c'
94%
(Refrain) laissé
94%
pas
94%
est
93%
n'
93%
(Refrain) se
93%
t'
93%
je
92%
Je
92%
avoue
91%
Et
91%
et
91%
Les
91%
(Refrain) les
91%
plus
91%
bonheur
90%
amour
89%
ma
89%
en
85%
Moi
85%
ce
84%
qu'
84%
de
83%
douleur
83%
(Refrain) fleurs
83%
mon
83%
écoute
82%
(Refrain) ne
82%
(Refrain) Pour
81%
pour
81%
que
81%
Que
81%
(Refrain) sur
81%
tu
81%
ame
80%
(Refrain) du
80%
(Refrain) odeur
80%
(Refrain) oreiller
80%
(Refrain) ton
80%
(Refrain) jour
79%
sœur
79%
vivais
79%
(Refrain) voir
79%
aujourd'hui
78%
Aujourd'hui
78%
cœur
78%
(Refrain) lever
78%
pense
77%
ses
77%
(Refrain) jardin
76%
absence
75%
fais
75%
(Refrain) faner
75%
imagine
75%
silence
75%
cotés
74%
côtés
74%
des
74%
dis
74%
lourd
74%
(Refrain) été
70%
il
70%
(Refrain) tout
70%
vis
70%
heures
69%
penses
69%
te
69%
fait
66%
(Refrain) fermés
66%
(Refrain) volets
66%
dit
63%
revais
63%
devine
60%
Mais
58%
sont
57%
secondes
56%
ta
56%
toujours
56%
entends
55%
nuit
55%
vois
52%
aimes
51%
voix
51%
dans
49%
qui
47%
reviendras
46%
effleure
44%
corps
41%
croire
39%
fée
39%
lentement
38%
contes
35%
j'entends
35%
aux
34%
nos
34%
meurent
33%
non
28%
goute
25%
Aucun quiz correspondant
Distribution des résultats
% des personnes avec chaque résultat
Percentile par nombre de réponses
Votre historique - résultats
Vous n’avez pas pris ce quiz depuis la dernière actualisation